000
00301nam a2200133Ia 4500
008
151001s9999||||xx |||||||||||||| ||und||
100
_a
मुक्ता केणेकर
245
_a
वचन
250
_a
1
260
_b
दिलीप
260
_c
1979
300
_a
364
365
_b
18
999
_c
960438
_d
960435